| 000 | 00377nam a2200145Ia 4500 | ||
|---|---|---|---|
| 008 | 160114s9999 xx 000 0 und d | ||
| 020 | _a1845570030 | ||
| 050 | _a920 | ||
| 050 | _b.J83s 2004 | ||
| 100 | _aJoseph, Mary. | ||
| 245 |
_aAlfred Nobel / _cMary Joseph. |
||
| 260 |
_aNew, Delhi : _bNew Dawn Press. _c2004 |
||
| 300 | _a48 pages ; | ||
| 440 | _aScientist of the World | ||
| 999 |
_c290259 _d290259 |
||